000 00872nam a22002414a 4500
005 20081222153641.0
008 080811s2008 ii b 001 0deng
010 _aENG-92469
020 _c1550.00
035 _aEN-76002
037 _bDBAD / PUB
040 _adpl
_bEnglish
082 _a347.5409
100 _aPatil, B.S.
245 _aThe Law of Arbitration and Conciliation /
_cby B.S. Patil
250 _a5th rev. and updated ed
260 _aPune
_bS.B. Patil
_c2008
300 _axlviii, 923p.
_c26 cm (Hb)
650 _aArbitration, Industrial
_zIndia
650 _a Mediation and conciliation, Industrial
_zIndia
942 _2ddc
_cEN
_mPAT
_h347.5409
999 _c20885
_d20885